00619nam a22001937a 450000500170000001000110001702000100002803700160003804000120005408200180006610000270008424501230011126000420023427000330027630000200030950000460032965000190037565000310039420170124105923.0 a959160 c35.00 bCen Lib/Ret aDPLbEN a392.0954bTIW aTiwari, Jagdish Narain aDisposal of the dead in the Mahabharata :cby Jagdish Narain TiwaribA study in the funeral customs in ancient India / aVaranasi bKishor Vidya Niketanc1979 aBhadaini,VaranasibVaranasi  a96p. c21cm(Hb) aIncludes bibliography reference and index aHindu religion aMahabharata-History -India